| 000 | 00550cam a22001571 4500 | ||
|---|---|---|---|
| 082 |
_a624 _bAME _cL-36, P-79 |
||
| 110 | 2 |
_aAmerican Society of Civil Engineers. _9702 |
|
| 245 | 1 | 0 | _aCode of practice of the American Society of Civil Engineers adopted January 18, 1927. |
| 260 |
_aNew York, _bHeadquarters of the Society, _c1927. |
||
| 300 |
_a1 p. l., 7 p. _c23 cm. |
||
| 490 | 0 | _aASCE Manuals of engineering practice. | |
| 526 |
_a0 _b0 _c0 _d624_000000000000000_AME |
||
| 650 | 0 |
_aEngineering ethics. _937134 |
|
| 650 | 0 |
_aMCE _9379 |
|
| 942 |
_2ddc _cBK |
||
| 999 |
_c546142 _d546142 |
||